<?xml version="1.0" encoding="UTF-8"?>
<record
    xmlns:xsi="http://www.w3.org/2001/XMLSchema-instance"
    xsi:schemaLocation="http://www.loc.gov/MARC21/slim http://www.loc.gov/standards/marcxml/schema/MARC21slim.xsd"
    xmlns="http://www.loc.gov/MARC21/slim">

  <leader>00729nam a22001577a 4500</leader>
  <controlfield tag="003">OSt</controlfield>
  <controlfield tag="005">20151008152053.0</controlfield>
  <controlfield tag="008">151008b        xxu||||| |||| 00| 0 eng d</controlfield>
  <datafield tag="040" ind1=" " ind2=" ">
    <subfield code="c">RUA </subfield>
  </datafield>
  <datafield tag="082" ind1=" " ind2=" ">
    <subfield code="a">AVM HEA 2008 B084 Or.1 </subfield>
  </datafield>
  <datafield tag="100" ind1=" " ind2=" ">
    <subfield code="9">2373</subfield>
    <subfield code="a">HEA KIMLONG</subfield>
  </datafield>
  <datafield tag="245" ind1=" " ind2=" ">
    <subfield code="a">Study on raising cattle within lwf target communeity teokpos district, kompong chhnang province, (&#x1780;&#x17B6;&#x179A;&#x179F;&#x17B7;&#x1780;&#x17D2;&#x179F;&#x17B6;&#x1796;&#x17B8;&#x179F;&#x17D2;&#x1790;&#x17B6;&#x1793;&#x1797;&#x17B6;&#x1796;&#x1785;&#x17B7;&#x1789;&#x17D2;&#x1785;&#x17B9;&#x1798;&#x1782;&#x17C4;&#x1780;&#x17D2;&#x179A;&#x1794;&#x17B8;&#x1793;&#x17C5;&#x1780;&#x17D2;&#x1793;&#x17BB;&#x1784;&#x179F;&#x17A0;&#x1782;&#x1798;&#x1793;&#x17CD;&#x1794;&#x17D2;&#x179A;&#x178F;&#x17B7;&#x1794;&#x178F;&#x17D2;&#x178F;&#x17B7;&#x1780;&#x17B6;&#x179A; LWF &#x179F;&#x17D2;&#x179A;&#x17BB;&#x1780;&#x1791;&#x17B9;&#x1780;&#x1795;&#x17BB;&#x179F; &#x1781;&#x17C1;&#x178F;&#x17D2;&#x178F;&#x1780;&#x17C6;&#x1796;&#x1784;&#x17CB;&#x1786;&#x17D2;&#x1793;&#x17C6;&#x17B6;&#x1784;)</subfield>
  </datafield>
  <datafield tag="260" ind1=" " ind2=" ">
    <subfield code="a">phnom penh </subfield>
    <subfield code="b">rua </subfield>
    <subfield code="c">2008 </subfield>
  </datafield>
  <datafield tag="300" ind1=" " ind2=" ">
    <subfield code="a">x, 44p.</subfield>
    <subfield code="b">ill.</subfield>
    <subfield code="c">29cm.</subfield>
  </datafield>
  <datafield tag="942" ind1=" " ind2=" ">
    <subfield code="2">ddc</subfield>
    <subfield code="c">AVM</subfield>
  </datafield>
  <datafield tag="999" ind1=" " ind2=" ">
    <subfield code="c">2236</subfield>
    <subfield code="d">2236</subfield>
  </datafield>
  <datafield tag="952" ind1=" " ind2=" ">
    <subfield code="0">0</subfield>
    <subfield code="1">0</subfield>
    <subfield code="2">ddc</subfield>
    <subfield code="4">0</subfield>
    <subfield code="6">AVM_HEA_2008_000000000000000_B084_OR_1</subfield>
    <subfield code="7">0</subfield>
    <subfield code="9">9294</subfield>
    <subfield code="a">LBB</subfield>
    <subfield code="b">LBB</subfield>
    <subfield code="c">B084</subfield>
    <subfield code="d">2015-10-08</subfield>
    <subfield code="l">2</subfield>
    <subfield code="o">AVM HEA 2008 B084 Or.1</subfield>
    <subfield code="p">RUA025201</subfield>
    <subfield code="r">2018-08-08</subfield>
    <subfield code="s">2018-07-31</subfield>
    <subfield code="w">2015-10-08</subfield>
    <subfield code="y">AVM</subfield>
  </datafield>
  <datafield tag="952" ind1=" " ind2=" ">
    <subfield code="0">0</subfield>
    <subfield code="1">0</subfield>
    <subfield code="2">ddc</subfield>
    <subfield code="4">0</subfield>
    <subfield code="6">AVM_HEA_2008_000000000000000_B084_OR_2</subfield>
    <subfield code="7">0</subfield>
    <subfield code="9">9295</subfield>
    <subfield code="a">LBB</subfield>
    <subfield code="b">LBB</subfield>
    <subfield code="c">B084</subfield>
    <subfield code="d">2015-10-08</subfield>
    <subfield code="o">AVM HEA 2008 B084 Or.2</subfield>
    <subfield code="p">RUA025060</subfield>
    <subfield code="r">2015-10-08</subfield>
    <subfield code="w">2015-10-08</subfield>
    <subfield code="y">AVM</subfield>
  </datafield>
  <datafield tag="952" ind1=" " ind2=" ">
    <subfield code="0">0</subfield>
    <subfield code="1">0</subfield>
    <subfield code="2">ddc</subfield>
    <subfield code="4">0</subfield>
    <subfield code="6">AVM_HEA_2008_000000000000000_B084_OR_3</subfield>
    <subfield code="7">0</subfield>
    <subfield code="9">9296</subfield>
    <subfield code="a">LBB</subfield>
    <subfield code="b">LBB</subfield>
    <subfield code="c">B084</subfield>
    <subfield code="d">2015-10-08</subfield>
    <subfield code="o">AVM HEA 2008 B084 Or.3</subfield>
    <subfield code="p">RUA025293</subfield>
    <subfield code="r">2015-10-08</subfield>
    <subfield code="w">2015-10-08</subfield>
    <subfield code="y">AVM</subfield>
  </datafield>
  <datafield tag="952" ind1=" " ind2=" ">
    <subfield code="0">0</subfield>
    <subfield code="1">0</subfield>
    <subfield code="2">ddc</subfield>
    <subfield code="4">0</subfield>
    <subfield code="6">AVM_HEA_2008_000000000000000_B084_OR_4</subfield>
    <subfield code="7">0</subfield>
    <subfield code="9">9297</subfield>
    <subfield code="a">LBB</subfield>
    <subfield code="b">LBB</subfield>
    <subfield code="c">B084</subfield>
    <subfield code="d">2015-10-08</subfield>
    <subfield code="o">AVM HEA 2008 B084 Or.4</subfield>
    <subfield code="p">RUA007770</subfield>
    <subfield code="r">2015-10-08</subfield>
    <subfield code="w">2015-10-08</subfield>
    <subfield code="y">AVM</subfield>
  </datafield>
  <datafield tag="952" ind1=" " ind2=" ">
    <subfield code="0">0</subfield>
    <subfield code="1">0</subfield>
    <subfield code="2">ddc</subfield>
    <subfield code="4">0</subfield>
    <subfield code="6">AVM_HEA_2008_000000000000000_B084_OR_5</subfield>
    <subfield code="7">0</subfield>
    <subfield code="9">9298</subfield>
    <subfield code="a">LBB</subfield>
    <subfield code="b">LBB</subfield>
    <subfield code="c">B084</subfield>
    <subfield code="d">2015-10-08</subfield>
    <subfield code="o">AVM HEA 2008 B084 Or.5</subfield>
    <subfield code="p">RUA008924</subfield>
    <subfield code="r">2015-10-08</subfield>
    <subfield code="w">2015-10-08</subfield>
    <subfield code="y">AVM</subfield>
  </datafield>
  <datafield tag="952" ind1=" " ind2=" ">
    <subfield code="0">0</subfield>
    <subfield code="1">0</subfield>
    <subfield code="2">ddc</subfield>
    <subfield code="4">0</subfield>
    <subfield code="6">AVM_HEA_2008_000000000000000_B084_OR_6</subfield>
    <subfield code="7">0</subfield>
    <subfield code="9">9299</subfield>
    <subfield code="a">LBB</subfield>
    <subfield code="b">LBB</subfield>
    <subfield code="c">B084</subfield>
    <subfield code="d">2015-10-08</subfield>
    <subfield code="l">1</subfield>
    <subfield code="o">AVM HEA 2008 B084 Or.6</subfield>
    <subfield code="p">RUA008714</subfield>
    <subfield code="r">2016-10-12</subfield>
    <subfield code="s">2016-09-27</subfield>
    <subfield code="w">2015-10-08</subfield>
    <subfield code="y">AVM</subfield>
  </datafield>
  <datafield tag="952" ind1=" " ind2=" ">
    <subfield code="0">0</subfield>
    <subfield code="1">0</subfield>
    <subfield code="2">ddc</subfield>
    <subfield code="4">0</subfield>
    <subfield code="6">AVM_HEA_2008_000000000000000_B084_OR_7</subfield>
    <subfield code="7">0</subfield>
    <subfield code="9">9300</subfield>
    <subfield code="a">LBB</subfield>
    <subfield code="b">LBB</subfield>
    <subfield code="c">B084</subfield>
    <subfield code="d">2015-10-08</subfield>
    <subfield code="l">1</subfield>
    <subfield code="o">AVM HEA 2008 B084 Or.7</subfield>
    <subfield code="p">RUA007999</subfield>
    <subfield code="r">2018-05-23</subfield>
    <subfield code="s">2018-05-23</subfield>
    <subfield code="w">2015-10-08</subfield>
    <subfield code="y">AVM</subfield>
  </datafield>
  <datafield tag="952" ind1=" " ind2=" ">
    <subfield code="0">0</subfield>
    <subfield code="1">0</subfield>
    <subfield code="2">ddc</subfield>
    <subfield code="4">0</subfield>
    <subfield code="6">AVM_HEA_2008_000000000000000_B084_OR_8</subfield>
    <subfield code="7">0</subfield>
    <subfield code="9">9301</subfield>
    <subfield code="a">LBB</subfield>
    <subfield code="b">LBB</subfield>
    <subfield code="c">B084</subfield>
    <subfield code="d">2015-10-08</subfield>
    <subfield code="o">AVM HEA 2008 B084 Or.8</subfield>
    <subfield code="p">RUA007928</subfield>
    <subfield code="r">2015-10-08</subfield>
    <subfield code="w">2015-10-08</subfield>
    <subfield code="y">AVM</subfield>
  </datafield>
  <datafield tag="952" ind1=" " ind2=" ">
    <subfield code="0">0</subfield>
    <subfield code="1">0</subfield>
    <subfield code="2">ddc</subfield>
    <subfield code="4">0</subfield>
    <subfield code="6">AVM_HEA_2008_000000000000000_B084_OR_9</subfield>
    <subfield code="7">0</subfield>
    <subfield code="9">9302</subfield>
    <subfield code="a">LBB</subfield>
    <subfield code="b">LBB</subfield>
    <subfield code="c">B084</subfield>
    <subfield code="d">2015-10-08</subfield>
    <subfield code="o">AVM HEA 2008 B084 Or.9</subfield>
    <subfield code="p">RUA008614</subfield>
    <subfield code="r">2015-10-08</subfield>
    <subfield code="w">2015-10-08</subfield>
    <subfield code="y">AVM</subfield>
  </datafield>
</record>
